1255 1499 1223 1692 1449 1526 1458 1590 1970 1809 1430 1876 1675 1470 1599 1474 1354 1749 1781 1699 1013 1867 1076 1381 1273 1932 1142 1315 1181 1008 1220 1633 1456 1151 1823 1466 1074 1307 1789 1197 1878 1765 1936 1838 1866 1897 1329 1660 1912 1021 1662 1571 1821 1887 1566 1671 1212 1464 1516 1264 1148 1467 1690 1262 1938 1336 1772 1335 1785 1201 1306 1795 1308 1666 1561 1204 1089 1187 1798 1381 1734 1334 1624 1097 1892 1759 1170 1716 1812 1302 1311 1083 1177 1180 1720 1711 1278 1959 1715 BCNSPRNW ULIB Ver.6.0+V

เปลี่ยนเป็นภาษาไทย

Change to English
 แสดงรายละเอียดบรรณานุกรม
  กลับหน้าหลัก

Brief Record : Get Marc (ISO 2709) : E-mail record : QR code < ปิดหน้าต่าง
LEADER : 00000nam 2200000uu 4500
001    13399121148
003     ULIB
008    121107s2549||||th 000 0 tha d
050  4 ^aLG^bl14พ
100 0  ^aกระทรวงสาธารณสุข
245 00 ^aพิธีพระราชทานปริญญาบัตรบัณฑิตของสถาบันสมทบ ม.มหิดล, ม.เชียงใหม่, ม.ขอนแก่น, ม.สงขลา,และประกาศนียบัตร/^bกระทรวงสาธารณสุข
250    ^aพิมพ์ครั้งที่ 2.
260    ^aกรุงเทพฯ :^bกระทรวงสาธารณสุข^c2549
300    ^a268 หน้า
650  7 ^aพิธีรับปริญาบัตร
913    ^a-
945    ^p0^l0^i24531
945    ^p0^l0^i24532
945    ^p0^l0^i24533
945    ^p0^l0^i24534
999    ^aวิภา
รายการนี้ยังไม่มีแท็ก
คุณยังไม่ได้ล็อกอิน คุณสามารถมีกิจกรรมร่วมกับเว็บไซต์ได้ แต่ต้องล็อกอินก่อน ::
  ล็อกอิน

รายการสื่อสารสนเทศ

ลำดับที่ ประเภท เลขเรียก/บาร์โค้ด สถานที่ สถานะ
1. วิทยาศาสตร์การแพทย์ และสุขภาพ
วิทยาศาสตร์การแพทย์ และสุขภาพ
LG l14พ  
  Barcode: 24531
ห้องสมุดวิทยาเขตสวรรค์ประชารักษ์
►หนังสือทั่วไป
บนชั้น
2. วิทยาศาสตร์การแพทย์ และสุขภาพ
วิทยาศาสตร์การแพทย์ และสุขภาพ
LG l14พ ฉ.2 
  Barcode: 24532
ห้องสมุดวิทยาเขตสวรรค์ประชารักษ์
►หนังสือทั่วไป
บนชั้น
3. วิทยาศาสตร์การแพทย์ และสุขภาพ
วิทยาศาสตร์การแพทย์ และสุขภาพ
LG l14พ ฉ.3 
  Barcode: 24533
ห้องสมุดวิทยาเขตสวรรค์ประชารักษ์
►หนังสือทั่วไป
บนชั้น
4. วิทยาศาสตร์การแพทย์ และสุขภาพ
วิทยาศาสตร์การแพทย์ และสุขภาพ
LG l14พ ฉ.4 
  Barcode: 24534
ห้องสมุดวิทยาเขตสวรรค์ประชารักษ์
►หนังสือทั่วไป
บนชั้น

รายการใกล้เคียง
    ผู้แต่ง [กระทรวงสาธารณสุข]

BibComment


ยังไม่เคยถูกคอมเมนท์

คอมเมนท์ทรัพยากรรายการนี้
  คอมเมนท์: พิธีพระราชทานปริ..


 Copyright 2026. Bcnsprnw @Library